000 01221nam a2200337 i 4500
003 EG-GICUC
005 20260506114229.0
008 260506s1974 fr |||fr|||| 000 0 Fre d
020 _a2275043172
040 _aEG-GiCUC
_bfre
_cEG-GiCUC
_dEG-GiCUC
_eRda
041 0 _afre
082 0 4 _a345.6044
_bLA . É
_221
092 0 4 _221
099 _aLaw 07 345.6044 LA . É 1974
100 1 _aLavialle, Christian.
_eAuteur
245 1 0 _aL'Évolution De La Conception De La Décision Exécutoire En Droit Administratif Français :
_nTome CXVIII /
_cPar Christian Lavialle, Marcel Waline; Préface De Paul Couzinet.
264 1 _aParis :
_bLibrairie Generale De Droit Et De Jurisprudence,
_c1974.
300 _a345 Page :
_c 24 cm.
336 _2rda contenu
_a texte
337 _2rda medias
_aOrdinateur
338 _2 transporteur rda
_a Ressource en ligne
490 _aBibliothéque De Droit Public
504 _aBibliography: pages 331-336
546 _aTexte en français
650 1 _aDroit Administratif
_zFrance
700 1 _aCouzinet, Paul.
_ePréfacier
700 1 _aWaline, Marcel
_eCo-Auteur
856 4 0 _uhttps://fll.law.cu.edu.eg/fulltext/bks/B07-06062.pdf
905 _a64
942 _2ddc
_n0
_cBK
_e21
999 _c75991
_d75991